000
00265nam a22001337a 4500
008
181019b xxu||||| |||| 00| 0 eng d
020
_a
131228129
041
_a
eng
080
_a
616.8
100
_a
5
101
_a
TRU
245
_a
Cerebral.P
942
_2
udc
_c
BK
999
_c
50262
_d
50262